Twice Songs by English Lyrics - Statistics

General Stats
  • This quiz has been taken 562 times
  • The average score is 11 of 20
Answer Stats
Hint Answer % Correct
"Tequila, margarita/Mojito with lime" Alcohol-Free
89%
"Look at me, look at me, nadabadaba, nadabadaba" Look at Me
86%
"Shy, shy, shy" Cheer Up
85%
"I wanna know" What is Love?
82%
"A mystery allure, gotta get to know you more" The Feels
67%
"Don't need no license" Scientist
66%
"You and me in this cool night" Dance the Night Away
65%
"Everybody wants that endless flame" One Spark
65%
"Let me see, how you gon' treat me/It ain't easy/Think about it twice" Like Ooh Aah
63%
"Uh, you make everything alright" Feel Special
57%
"Baby, I don't really mean to rush" Moonlight Sunrise
57%
"You pull me over to the red, red, red line" I Can't Stop Me
56%
"Would you be my love?" Heartshaker
52%
"Don't stop just replay, replay" Talk that Talk
45%
"Ayyy, every second, every minute/Want you close to me like you're supposed to be" I Got You
44%
"I'm gonna tell u straight/No matter what they say" Set Me Free
42%
"Woman in the mirror" Go Hard
40%
"I love you(no no)" Fancy
27%
"Do you feel me?" More & More
26%
"Dancing through the night" Hare Hare
22%
No matching quizzes found
Score Distribution
Percent of People with Each Score
Percentile by Number Answered
Your Score History
You have not taken this quiz